| 000 | 00967cam a2200253 a 4500 | ||
|---|---|---|---|
| 999 |
_c2499 _d2499 |
||
| 001 | (Sirsi) a750748 | ||
| 003 | OSt | ||
| 005 | 20230621091536.0 | ||
| 008 | 121108r20111997enka b 000 f eng d | ||
| 020 | _a9780007450657 (pbk.) : | ||
| 040 |
_aCHA _beng _cTAE _dKH8 |
||
| 042 | _anbic | ||
| 082 | 0 | _a823.914 MOR | |
| 100 | 1 |
_aMorpurgo, Michael. _eauthor |
|
| 245 | 1 | 0 |
_aFarm boy / _cMichael Morpurgo ; illustrated by Michael Foreman. |
| 260 |
_aLondon : _bHarperCollins Children's Books, _c2011. |
||
| 300 |
_a[112] p. : _bill. ; _c20 cm. |
||
| 520 | _aThis touching story of the close relationship between grandson and grandfather, and the special secret they share, is enhanced by factual illustrations of farming history from the beginning of the century. | ||
| 521 | 1 | _a4-8. | |
| 650 | 0 |
_aAgriculture _xHistory _y20th century _vJuvenile fiction. |
|
| 650 | 0 |
_aGrandparent and child _vJuvenile fiction. |
|
| 700 | 1 |
_aForeman, Michael, _eill. |
|
| 942 |
_2ddc _cFIC |
||